Chứng cứ trong Luật Tố tụng Hình sự Việt Nam

שמור ב:
מידע ביבליוגרפי
מחבר ראשי: Nguyễn, Văn Cừ
פורמט: ספר
שפה:Undetermined
יצא לאור: Hà Nội Tư pháp 2005
נושאים:
תגים: הוספת תג
אין תגיות, היה/י הראשונ/ה לתייג את הרשומה!
Thư viện lưu trữ: Trung tâm Học liệu Trường Đại học Cần Thơ
LEADER 00578nam a2200205Ia 4500
001 CTU_105004
008 210402s9999 xx 000 0 und d
020 |c 23000 
082 |a 345.59705 
082 |b C550 
100 |a Nguyễn, Văn Cừ 
245 0 |a Chứng cứ trong Luật Tố tụng Hình sự Việt Nam 
245 0 |c Nguyễn Văn Cừ 
260 |a Hà Nội 
260 |b Tư pháp 
260 |c 2005 
650 |a Criminal law 
650 |x Procedure 
904 |i Truc 
980 |a Trung tâm Học liệu Trường Đại học Cần Thơ